000
00301nam a2200109 4500
999
_c
10576
_d
10576
008
180906b ||||| |||| 00| 0 eng d
245
_a
Phl leads in internet speed increase.
260
_a
Philippines
_b
The Philippine Star
_c
c2017
300
_a
page B8.
650
0
_9
30974
_a
Internet,
942
_2
ddc
_c
PER